[Event "Bethune op 21st"]
[Site "Bethune"]
[Date "2000.??.??"]
[Round "6"]
[White "Vandeweeghe, Simon"]
[Black "Van Maele, Richard"]
[Result "1/2-1/2"]
[WhiteElo "2065"]
[BlackElo "1910"]
[PlyCount "92"]
[EventDate "2000.12.26"]
[EventType "swiss"]
[EventRounds "7"]
[EventCountry "FRA"]
[SourceTitle "EXT 2003"]
[Source "ChessBase"]
[SourceDate "2002.11.25"]
[SourceVersion "1"]
[SourceVersionDate "2002.11.25"]
[SourceQuality "1"]

1. e4 e6 2. d4 d5 3. Nc3 dxe4 4. Nxe4 c5 5. Nf3 cxd4 6. Qxd4 Qxd4 7. Nxd4 Bd7 8. Bf4 Nf6 9. Nxf6+ gxf6 10. Nb5 Bxb5 11. Bxb5+ Nd7 12. 0-0-0 0-0-0 13. Rd3 Ne5 14. Rxd8+ Kxd8 15. Rd1+ Kc8 16. Be3 a6 17. Be2 h5 18. Kb1 f5 19. Bd4 f6 20. f4 Nd7 21. Bc4 e5 22. Bc3 exf4 23. Be6 Rh7 24. Bxf5 Rf7 25. b3 Kc7 26. Bd2 Bd6 27. Rf1 Rg7 28. Be4 Nc5 29. Bf3 Ne6 30. Bd5 Re7 31. Re1 Be5 32. Bxe6 Rxe6 33. Bxf4 Kc6 34. Bxe5 fxe5 35. Kb2 b5 36. Re4 Kd5 37. Rh4 e4 38. Rxh5+ Kd4 39. Rh8 Ke3 40. Rf8 Kd2 41. Rd8+ Ke1 42. Kc1 e3 43. Rf8 Rd6 44. h4 Rg6 45. h5 Rxg2 46. h6 Rh2 1/2-1/2

[Event "Bethune op 21st"]
[Site "Bethune"]
[Date "2000.??.??"]
[Round "7"]
[White "Wolfangel, Florence"]
[Black "Vandeweeghe, Simon"]
[Result "1/2-1/2"]
[WhiteElo "1880"]
[BlackElo "2065"]
[PlyCount "56"]
[EventDate "2000.12.26"]
[EventType "swiss"]
[EventRounds "7"]
[EventCountry "FRA"]
[SourceTitle "EXT 2003"]
[Source "ChessBase"]
[SourceDate "2002.11.25"]
[SourceVersion "1"]
[SourceVersionDate "2002.11.25"]
[SourceQuality "1"]

1. d4 Nf6 2. c4 c5 3. d5 b5 4. cxb5 a6 5. f3 d6 6. e4 axb5 7. Bxb5+ Bd7 8. Bxd7+ Nbxd7 9. Nc3 g6 10. Nge2 Bg7 11. 0-0 0-0 12. Kh1 Qb6 13. Qc2 Rfb8 14. b3 Qa6 15. Bb2 Ne5 16. Rfd1 c4 17. bxc4 Qxc4 18. Rac1 Bh6 19. Rb1 Rxa2 20. Rd4 Qc5 21. Ra4 Rxa4 22. Qxa4 Nd3 23. Nd1 Nxb2 24. Rxb2 Rxb2 25. Nxb2 Qf2 26. Qd1 Nh5 27. Nd3 Qe3 28. Nec1 Nf4 1/2-1/2